| 000 | 00669cam a22001694a 4500 | ||
|---|---|---|---|
| 005 | 20250605164218.0 | ||
| 008 | 250528s ||||||||||||||||||||||||d | ||
| 035 | _a20562 | ||
| 040 |
_aGR-AtMCL _bgre _dGR-AtMCL _eAACR2 |
||
| 245 | 1 | _aProfiles of American Colleges / Fact-Filled Profiles of More than 1500 Accredited Four-Year Colleges | |
| 300 | _a1226 | ||
| 520 | _aPreface, An Explanation of the Book, An Introduction to College, A Close Look at the Colleges, Profiles of American Colleges, An Overview of Specialized Data, Meeting Career Needs, Index. | ||
| 700 | 1 |
_aBarron's Educational Series, Inc. _96543 |
|
| 942 | _cBK | ||
| 999 |
_c5659 _d5659 |
||